[Event "San Francisco Pafnutieff Memorial g/45"]
[Site "San Francisco"]
[Date "2005.08.06"]
[Round "5"]
[White "Parker, Harold"]
[Black "Goodkind, Barbara"]
[Result "0-1"]
[WhiteElo "1540"]
[BlackElo "1699"]
[PlyCount "57"]
[EventDate "2005.08.06"]
[EventType "swiss (rapid)"]
[EventRounds "5"]
[EventCountry "USA"]
[SourceTitle "EXT 2007"]
[Source "ChessBase"]
[SourceDate "2006.11.23"]
[SourceVersion "1"]
[SourceVersionDate "2006.11.23"]
[SourceQuality "1"]

1. e4 g6 2. d4 Bg7 3. Nf3 e6 4. c4 d5 5. cxd5 exd5 6. e5 Ne7 7. Nc3 0-0 8. Be2 Bf5 9. 0-0 Nd7 10. Be3 c5 11. Qd2 Re8 12. Nh4 Be6 13. f4 cxd4 14. Bxd4 Nc6 15. Nf3 a6 16. a4 a5 17. Bf2 Nb4 18. Nd4 b6 19. Ncb5 Nc5 20. Nd6 Re7 21. Bh4 Qc7 22. Bxe7 Qxe7 23. Rac1 Rd8 24. Bb5 Rxd6 25. exd6 Qxd6 26. Rce1 Ne4 27. Qd1 Qc5 28. Qe2 Qxd4+ 29. Kh1 0-1